000 00505nam a22001697a 4500
999 _c8463
_d8463
008 201125b ||||| |||| 00| 0 eng d
040 _aBMS College of Architecture
100 _aM, Punith
245 _aPerforming art center Bangalore
300 _aNA
500 _a1BM14AT070
502 _8B,Arch
_NBMS College of Architecture, Visvesvaraya Technological University (VTU)
_aProject report
_d2018
650 _aArt
700 _aShanu raina
_eGuide
700 _aSanal Suresh
_eGuide
942 _2ddc
_cTHE